Pokemon the X and Y anime A-Z - Statistics

General Stats
  • This quiz has been taken 26 times
  • The average score is 19 of 26
Answer Stats
Letter Clue Answer % Correct
B Clemont's little sister Bonnie
100%
F Ash's first caught Pokemon Froakie
100%
G Froakie's final form Greninja
100%
H a greedy pokemon with portal-like rings Hoopa
100%
K Ash's last name Ketchum
100%
P Ash's electric type Pokemon Pikachu
100%
S the female character, mother is a Rhyhorn Racer Serena
100%
C Clemont's robot assistant Clembot
92%
D Fennekin's final evolved form Delphox
92%
J the female member of Team Rocket Jessie
92%
I Malamar's pre evolution: owned by James Inkay
83%
N the Pokemon Ash hatched from an egg Noibat
83%
T the evil team Team Flare
83%
U Sawyer's Eevee evolved into ___ in this anime Umbreon
83%
Z saved the Kalos region Zygarde
83%
W the team rocket Pokemon who pops out of its PokeBall Wobbuffet
75%
Y a pokemon that made a minor appearence Yveltal
75%
L the main villian of Team Flare Lysander
67%
O the seventh gym leader Olympia
58%
Q water and ground type Pokemon that appeared in the episode "Once in a Blue Moon" Quagsire
58%
A Viola's sister Alexa
50%
R the fourth gym leader Ramos
50%
E cute little Pokemon in "seeking shelter from the storm" Espurr
33%
M Officer Jenny's alter ego when hypnotized by Malamar Madam X
25%
X the scientist of Team Flare Xerostic
17%
V serena mentions a "pounding of a steak to stop a ____" Vampire
8%
No matching quizzes found
Score Distribution
Percent of People with Each Score
Percentile by Number Answered
Your Score History
You have not taken this quiz